00893nam a2200229 i 4500001001000000003000900010005001700019007000300036008004100039040002500080041000800105082002400113100004500137245017500182264010300357300002700460336002900487337003400516338003000550610005400580650002900634000013447DO-SdBNP20250205133623.0ta091124s1954 dr 001 0 spa d aDO-SdBNPbspacBNPHU aspa 4aRD865.44bH565d2221 aHerrera Billini, Hipólitoeautor4aut.10aDiscurso leído por el Lic. Hipólito Herrera Billini presidente de la Suprema Corte de Justicia en la solemne apertura de los tribunales celebrada, en 9 de enero 1954. 1aCiudad Trujillo, República Dominicana :bSuprema Corte de Justicia ;bEditora del Caribe,c1954. a28 páginas ;c24 cm. atexto btxt2rdacontent  asin mediaciónbn2rdamedia  avolumen bnc2rdacarrier 14aRepública DominicanabSuprema Corte de Justicia 4aDiscursos presidenciales